000 00686nam a2200193 a 4500
001 000002178
005 20200929150154.0
008 090701s2008 dr a 000 0bspa d
020 _a9789993467465
040 _aDO-SdBNP
_bspa
_cBNPHU
082 _a923.27293
_bB663a
100 1 _aBobadilla Rejincos, Frank S.,
_d1918-
_96944
245 1 0 _aActor y testigo :
_bepisodios de mi vida /
_cFrank S. Bobadilla Rejincos.Á.
260 _aSanto Domingo :
_bAmigo del Hogar,
_c2008.
300 _a190 p. :
_bil. ;
_c23 cm.
600 1 4 _aBODADILLA REJINCOS, FRANK S.,
_d1918-
_96945
650 4 _aDiplomáticos
_zRepública Dominicana
_xBiografías
_96946
910 _aValidado. Control de calidad BNPHU
999 _c2026
_d2026